000 00300nam a2200121Ia 4500
008 190216s9999||||xx |||||||||||||| ||und||
100 _aOuseph Devassy Thomas
245 2 _aA Text Book Of Physics For Predegree
260 _bViswanathan S.
_c1970
300 _a478p
650 _aPhysics
942 _cBK
999 _c32801
_d32801